000 00834nam a2200265 i 4500
001 bg
100 1 _aKUŚMIDERSKA, Barbara
245 1 0 _aĆwiczenia laboratoryjne z fizyki :
_belektryczność i magnetyzm /
_cBarbara Kuśmiderska, Czesław Rybka, Teresa Rybka ; pod red. Edwarda Śpiewli ; Politechnika Lubelska.
260 _aLublin :
_bWydaw. Uczelniane PL,
_c1995.
300 _a269 s. :
_brys., wykr. ;
_c24 cm.
504 _aBibliogr. przy rozdz.
650 9 _aElektryczność
650 9 _aMagnetyzm
655 _aPodręczniki akademickie
700 1 _aRYBKA, Czesław
700 1 _aRYBKA, Teresa
700 1 _aŚPIEWLA, Edward.
_eRed.
020 _a8386333413
040 _cBPK
041 0 _apol
080 _a537(075.8)
920 _a83-86333-41-3
942 _cKS
008 s pl f |000 0 pol
999 _c24922
_d24922
856 _uhttp://koha.tu.koszalin.pl/cgi-bin/koha/opac-detail.pl?biblionumber=24922
_yKatalog online BPK